Psychology : (Record no. 129567)

MARC details
000 -LEADER
fixed length control field 00722pam a2200253 a 4500
008 - FIXED-LENGTH DATA ELEMENTS--GENERAL INFORMATION
fixed length control field
020 ## - INTERNATIONAL STANDARD BOOK NUMBER
International Standard Book Number 0534593127 (hbk.)
049 ## - LOCAL HOLDINGS (OCLC)
Holding library MAIN
090 ## - LOCALLY ASSIGNED LC-TYPE CALL NUMBER (OCLC); LOCAL CALL NUMBER (RLIN)
Classification number (OCLC) (R) ; Classification number, CALL (RLIN) (NR) BF121
Local cutter number (OCLC) ; Book number/undivided call number, CALL (RLIN) WEI
003 - CONTROL NUMBER IDENTIFIER
control field
005 - DATE AND TIME OF LATEST TRANSACTION
control field 20230123122212.0
040 ## - CATALOGING SOURCE
Transcribing agency NUST
100 1# - MAIN ENTRY--PERSONAL NAME
Personal name Weiten, Wayne.
245 10 - TITLE STATEMENT
Title Psychology :
Remainder of title themes and variations /
Statement of responsibility, etc. Richard B. Stalling [and] Ronald E Wasden.
246 ## - VARYING FORM OF TITLE
Title proper/short title Study guide for Wayne Weitein's Psychology.
250 ## - EDITION STATEMENT
Edition statement 5th ed.
260 ## - PUBLICATION, DISTRIBUTION, ETC.
Place of publication, distribution, etc. Belmont :
Name of publisher, distributor, etc. Wadsworth,
Date of publication, distribution, etc. c2002.
300 ## - PHYSICAL DESCRIPTION
Extent 271 p. ;
Dimensions 29 cm.
650 #0 - SUBJECT ADDED ENTRY--TOPICAL TERM
Topical term or geographic name entry element Psychology.
653 0# - INDEX TERM--UNCONTROLLED
Uncontrolled term Psychology.
700 ## - ADDED ENTRY--PERSONAL NAME
Personal name Ronald E. Wasden.
907 ## - LOCAL DATA ELEMENT G, LDG (RLIN)
a .b10371023
b 02-03-16
c 02-03-16
942 ## - ADDED ENTRY ELEMENTS (KOHA)
Koha item type Ordinary Loan Books
Call number prefix BF121
Call number suffix WEI
Holdings
Date last seen Total Checkouts Full call number Barcode Cost, replacement price Price effective from Koha item type Lost status Source of classification or shelving scheme Damaged status Not for loan Collection Withdrawn status Home library Current library Shelving location Date acquired Cost, normal purchase price
01/23/2023   BF121 STA 92004039084 80.00 01/23/2023 BOOKS   LCC     NFIC   MAIN MAIN GEN 01/23/2023 80.00